000 01300cam a2200289 4500
001 WB4021-12
008 040603n2004 000 0 eng u
035 _a(Sirsi) u126410
245 _aOutsourcing market worth £40bn
260 _c2004
490 _aEuroproperty
_v June 2004, 7(1)
520 _aThe potential market for property outsourcing is expected to be worth around £40.7bn over the next four years, according to DTZ research. The UK, France, Italy and Germany account for 70% of this amount, representing £28.3bn. DTZ said that property outsourcing now accounts for around 15% of all investment deals. Retail and the public sector have the greatest outsourcing potential, each accounting for 22% of the total, then financial services with 16% and information, communications and technology services with 11%. DTZ website at http://www.dtz.com.
590 _aWB
590 _aWB
650 _aOUTSOURCING
650 _aGERMANY
650 _aFRANCE
650 _aUNITED KINGDOM
650 _aITALY
650 _aPROPERTY-COMMERCIAL PROPERTY-RETAIL PROPERTY-RETAIL PROPERTY MARKET
650 _aINVESTMENT MARKET
650 _aPUBLIC SECTOR
650 _aFINANCIAL SERVICES
650 _aINFORMATION INDUSTRY
690 _aPROPERTY MANAGEMENT
_96262
942 _n0
999 _c117472
_d117472